Welcome to the Holygrace Academy Library

Please use search bar below to get started

SNOOPY (Record no. 6534)

MARC details
000 -LEADER
fixed length control field 00575nam a22001337a 4500
020 ## - INTERNATIONAL STANDARD BOOK NUMBER
ISBN 1-85304-063-0
082 ## - DEWEY DECIMAL CLASSIFICATION NUMBER
Classification number 823
Item number SCH/S
100 ## - MAIN ENTRY--AUTHOR NAME
Personal name SCHULZ, CHARLES M
245 ## - TITLE STATEMENT
Title SNOOPY
Remainder of title STARS AS THE SPORTSMAN
260 ## - PUBLICATION, DISTRIBUTION, ETC. (IMPRINT)
Place of publication UK
Name of publisher RAVETTE BOOKS LIMITED
Year of publication 1988
520 ## - SUMMARY, ETC.
Summary, etc Snoopy can be selfish, gluttonous and lazy at times, and occasionally mocks his owner, Charlie Brown. But on the whole, he shows great love, care, and loyalty for his owner (even though he cannot even remember his name and always refers to him as "the round-headed kid").
650 ## - SUBJECT ADDED ENTRY--TOPICAL TERM
Topical Term SHORT STORY
942 ## - ADDED ENTRY ELEMENTS (KOHA)
Koha item type Books
Holdings
Withdrawn status Lost status Collection code Home library Current library Shelving location Date acquired Source of acquisition Full call number Accession Number Koha item type
    Fiction Main Library Main Library SHELF 15-L-CHILDREN'S STORYBOOKS 19/07/2019 Purchase 823 SCH/S 11388 Books